[Event "CZE-chT1W 1819"]
[Site "Czech Republic"]
[Date "2019.02.17"]
[Round "8.4"]
[White "Worek, Joanna"]
[Black "Sodoma, Jan"]
[Result "0-1"]
[WhiteElo "2270"]
[BlackElo "2339"]
[PlyCount "112"]
[EventDate "2018.10.21"]
[EventType "team-tourn"]
[EventRounds "11"]
[EventCountry "CZE"]
[SourceTitle "CBM 189 Extra"]
[Source "ChessBase"]
[SourceDate "2019.06.03"]
[SourceVersion "1"]
[SourceVersionDate "2019.06.03"]
[SourceQuality "1"]
[WhiteTeam "Polabiny"]
[BlackTeam "Turnov Zikuda II"]
[WhiteTeamCountry "CZE"]
[BlackTeamCountry "CZE"]

1. e4 e5 2. Nf3 Nc6 3. Bb5 a6 4. Ba4 Nf6 5. d3 b5 6. Bb3 Be7 7. 0-0 0-0 8. a4 b4 9. Re1 d6 10. a5 h6 11. c3 bxc3 12. bxc3 Re8 13. Nbd2 Bf8 14. d4 Rb8 15. d5 Na7 16. c4 c6 17. h3 Bd7 18. Nb1 cxd5 19. exd5 Rb7 20. Be3 Qb8 21. Bc2 Nc8 22. Nc3 Ne7 23. Nd2 Bf5 24. Na4 Bxc2 25. Qxc2 Nd7 26. Rab1 Rc8 27. Qd3 f5 28. Bb6 e4 29. Qe2 Ne5 30. Rec1 N7g6 31. Qe3 Nd3 32. Rc3 Nge5 33. f3 Be7 34. f4 Ng6 35. Rf1 Rf8 36. Nb3 Qe8 37. Rxd3 exd3 38. Nc3 Bd8 39. Qxd3 Bxb6+ 40. axb6 Rxb6 41. Nd4 Qf7 42. Nce2 Ne7 43. Ne6 Rfb8 44. N2d4 Qf6 45. Kh2 Kh7 46. Re1 Rb2 47. Re3 Ra2 48. Nc2 Rbb2 49. Re2 a5 50. Ned4 Ng6 51. Ne6 a4 52. c5 dxc5 53. d6 Rxc2 54. Rxc2 Rxc2 55. d7 Qxe6 56. d8Q Rxg2+ 0-1

[Event "CZE-chT 1819"]
[Site "Czech Republic"]
[Date "2019.01.12"]
[Round "5.2"]
[White "Sodoma, Jan"]
[Black "Priehoda, Vitezslav"]
[Result "1/2-1/2"]
[WhiteElo "2339"]
[BlackElo "2354"]
[PlyCount "97"]
[EventDate "2018.11.03"]
[EventType "team-tourn"]
[EventRounds "11"]
[EventCountry "CZE"]
[SourceTitle "CBM 188 Extra"]
[Source "ChessBase"]
[SourceDate "2019.02.26"]
[SourceVersion "1"]
[SourceVersionDate "2019.02.26"]
[SourceQuality "1"]
[WhiteTeam "Turnov Zikuda"]
[BlackTeam "Lysa nad Labem"]
[WhiteTeamCountry "CZE"]
[BlackTeamCountry "CZE"]

1. Nf3 d5 2. d4 e6 3. c4 c6 4. e3 f5 5. Be2 Nf6 6. 0-0 Bd6 7. b3 Qe7 8. Bb2 0-0 9. Ne5 Bd7 10. Nd2 Be8 11. Nd3 Nbd7 12. Nf3 Bh5 13. Nfe5 Bxe2 14. Qxe2 Rad8 15. a4 Ne4 16. f3 Ng5 17. b4 Bxe5 18. Nxe5 Nxe5 19. dxe5 dxc4 20. Qxc4 Rd2 21. Rf2 Rxf2 22. Kxf2 Rd8 23. Bd4 Nf7 24. f4 Rd5 25. g3 a6 26. Rd1 Qd7 27. Rd3 h6 28. Ke2 Nh8 29. Bc5 Ng6 30. e4 b5 31. axb5 axb5 32. Qc2 fxe4 33. Ra3 Qd8 34. Bd6 Ne7 35. Bxe7 Qxe7 36. Qxe4 Qe8 37. g4 Qd8 38. Rd3 Qh4 39. h3 Qe7 40. Ra3 Qd8 41. Qg6 Kh8 42. Kf3 Qh4 43. Ra8+ Rd8 44. Rxd8+ Qxd8 45. Kg3 Qd2 46. Qe4 Qc3+ 47. Kg2 Qd2+ 48. Kg3 Qc3+ 49. Kg2 1/2-1/2

[Event "Dublin Hogarty Memorial IM"]
[Site "Dublin"]
[Date "2019.01.05"]
[Round "6"]
[White "Sodoma, Jan"]
[Black "Wall, Gavin"]
[Result "1/2-1/2"]
[WhiteElo "2324"]
[BlackElo "2330"]
[PlyCount "46"]
[EventDate "2019.01.02"]
[EventType "tourn"]
[EventRounds "9"]
[EventCountry "IRL"]
[EventCategory "1"]
[SourceTitle "CBM 188 Extra"]
[Source "ChessBase"]
[SourceDate "2019.02.26"]
[SourceVersion "1"]
[SourceVersionDate "2019.02.26"]
[SourceQuality "1"]

1. d4 f5 2. g3 Nf6 3. Bg2 g6 4. b3 Bg7 5. Bb2 0-0 6. Nd2 d6 7. Ngf3 Nc6 8. 0-0 Qe8 9. Re1 e5 10. dxe5 dxe5 11. e4 f4 12. b4 fxg3 13. fxg3 Qe7 14. a3 a5 15. c3 Bh6 16. Qe2 Be6 17. Kh1 Ng4 18. Nf1 Qf7 19. Bc1 Bc4 20. Qb2 Bxc1 21. Raxc1 Bxf1 22. Rxf1 Qc4 23. Rfe1 Kh8 1/2-1/2

[Event "CZE-chT1W 1819"]
[Site "Czech Republic"]
[Date "2018.12.09"]
[Round "4.3"]
[White "Sodoma, Jan"]
[Black "Spacek, Petr"]
[Result "1/2-1/2"]
[WhiteElo "2339"]
[BlackElo "2366"]
[PlyCount "26"]
[EventDate "2018.10.21"]
[EventType "team-tourn"]
[EventRounds "11"]
[EventCountry "CZE"]
[SourceTitle "CBM 187 Extra"]
[Source "ChessBase"]
[SourceDate "2018.11.04"]
[SourceVersion "1"]
[SourceVersionDate "2018.11.04"]
[SourceQuality "1"]
[WhiteTeam "Turnov Zikuda II"]
[BlackTeam "Lysa nad Labem III"]
[WhiteTeamCountry "CZE"]
[BlackTeamCountry "CZE"]

1. Nf3 Nf6 2. c4 e6 3. Nc3 d5 4. d4 Be7 5. Bg5 h6 6. Bh4 Ne4 7. Bxe7 Qxe7 8. Qb3 Nxc3 9. bxc3 dxc4 10. Qxc4 0-0 11. g3 c6 12. Bg2 Nd7 13. 0-0 e5 1/2-1/2